| 000 | 00607 a2200169 4500 | ||
|---|---|---|---|
| 003 | Nust | ||
| 005 | 20170207153905.0 | ||
| 040 | _cNust | ||
| 082 | _a621.384 | ||
| 100 | _aF. Langford-Smih | ||
| 245 |
_aRadio Designer's Handbook _cF. Langford-Smih |
||
| 250 | _a4th Ed. | ||
| 260 |
_aLondon _bILIFFE & Sons ,LTD. _c1954 |
||
| 300 | _ax1,1482p. | ||
| 505 | _aThe Radio Valve (Page-1) General Theory and Components (Page-128) Audio Frequencies (Page-481) Radio Frequencies (Page-890) Rectification, Regulation, Filtering and Hum (Page-1161) Complete Receivers (Page-1223) | ||
| 538 | _aAlmirah No. 39 Shelf No. 2 | ||
| 942 |
_2ddc _cBK |
||
| 999 |
_c190256 _d190256 |
||